[Event "BL 0506 Leipzig Gohlis - SV Wattenschei"]
[Site "?"]
[Date "2006.03.11"]
[Round "12.6"]
[White "Fischer, Johannes"]
[Black "Appel, Ralf"]
[Result "1-0"]
[WhiteElo "2285"]
[BlackElo "2488"]
[PlyCount "83"]
[EventDate "2006.??.??"]

1. e4 Nf6 2. e5 Nd5 3. c4 Nb6 4. d4 d6 5. exd6 exd6 6. Nc3 Be7 7. Bd3 O-O 8.
Nge2 Nc6 9. b3 Bf6 10. Be3 Bg4 11. Qd2 Re8 12. O-O Bh5 13. Nf4 Bg6 14. Nxg6
hxg6 15. Be4 Nc8 16. Rfe1 N8e7 17. g4 Bh4 18. Qd1 Qd7 19. Bg2 Rf8 20. Qf3 f5
21. Qh3 Bf6 22. g5 Bxd4 23. Bxd4 Nxd4 24. Nd5 Nec6 25. Nf4 Ne7 26. Rad1 Ndc6
27. c5 Rf7 28. cxd6 cxd6 29. Re6 d5 30. Rxg6 Qc7 31. Nxd5 Qe5 32. Rxc6 bxc6 33.
Nxe7+ Rxe7 34. Bxc6 Qe2 35. Bd5+ Re6 36. Rd3 Rc8 37. Qxf5 Rc1+ 38. Kg2 Qf1+ 39.
Kg3 Kh8 40. Bxe6 Qg1+ 41. Kf3 Qh1+ 42. Kg4 1-0

[Event "BL 0506 Leipzig Gohlis - SV Wattenschei"]
[Site "?"]
[Date "2006.03.11"]
[Round "12.7"]
[White "Straeter, Timo"]
[Black "Hoffmann, Hendrik"]
[Result "1/2-1/2"]
[WhiteElo "2342"]
[BlackElo "2288"]
[PlyCount "138"]
[EventDate "2006.??.??"]

1. d4 Nf6 2. Nf3 g6 3. Bg5 Bg7 4. Nbd2 O-O 5. c3 d6 6. e4 h6 7. Bh4 Nc6 8. Bb5
Bd7 9. O-O Qe8 10. a4 e5 11. Re1 Nh5 12. dxe5 Nxe5 13. Nxe5 Bxe5 14. Bf1 a6 15.
Nc4 Bg7 16. f3 b5 17. Ne3 b4 18. Nd5 bxc3 19. bxc3 g5 20. Bf2 Qd8 21. Bd4 Nf6
22. a5 c5 23. Bxf6 Bxf6 24. Nxf6+ Qxf6 25. e5 Qe7 26. Qxd6 Qxd6 27. exd6 Rfd8
28. Rab1 Bb5 29. Bxb5 axb5 30. Rxb5 Rxd6 31. Rxc5 Rd2 32. Kf1 Ra2 33. Re2 R2xa5
34. Rxa5 Rxa5 35. Ke1 Rd5 36. c4 Rd4 37. Rc2 Kf8 38. Ke2 Ke7 39. Ke3 Rd1 40. c5
Kd7 41. Ke4 Re1+ 42. Kf5 Re6 43. g3 Rc6 44. Rd2+ Ke7 45. Re2+ Kd7 46. Rc2 Ke7
47. Rc3 Kd7 48. Kg4 Ke6 49. Kh5 Ke5 50. Rc1 Kd4 51. h4 gxh4 52. Kxh4 f5 53. f4
Ke4 54. Re1+ Kf3 55. Re5 Rg6 56. Rxf5 Rxg3 57. Kh5 Rh3+ 58. Kg6 Ke4 59. Rf6 h5
60. c6 h4 61. Kg5 Rh1 62. Kg4 h3 63. Kg3 Kd5 64. c7 Rc1 65. Rf7 Rc3+ 66. Kh2
Ke6 67. Rf8 Rxc7 68. Kxh3 Rf7 69. Rxf7 Kxf7 1/2-1/2

[Event "BL 0506 Leipzig Gohlis - SV Wattenschei"]
[Site "?"]
[Date "2006.03.11"]
[Round "12.8"]
[White "Rausch, Stephan"]
[Black "Thiel, Thomas"]
[Result "0-1"]
[WhiteElo "2343"]
[BlackElo "2308"]
[PlyCount "60"]
[EventDate "2006.??.??"]

1. d4 d5 2. Nf3 Nc6 3. Bf4 Bg4 4. h3 Bxf3 5. exf3 e6 6. c3 Bd6 7. Bxd6 Qxd6 8.
Be2 Nge7 9. O-O h5 10. Qd2 g5 11. Na3 Ng6 12. Qxg5 Nf4 13. Bb5 Kd7 14. Qe5 Qxe5
15. dxe5 Rag8 16. g3 h4 17. g4 Nxh3+ 18. Kh2 Nf4 19. Rfe1 Rg5 20. Re3 Ke7 21.
Bxc6 bxc6 22. b4 Rb8 23. Nc2 c5 24. a3 a5 25. bxa5 Rb2 26. Rc1 Rg8 27. Nb4
Rxf2+ 28. Kh1 cxb4 29. cxb4 Rc8 30. Rec3 Ne2 0-1

[Event "BL 0506 SK Zehlendorf - Solinger SG"]
[Site "?"]
[Date "2006.03.11"]
[Round "12.2"]
[White "Maksimenko, Andrei"]
[Black "Baramidze, David"]
[Result "1-0"]
[WhiteElo "2501"]
[BlackElo "2542"]
[PlyCount "61"]
[EventDate "2006.??.??"]

1. e4 c5 2. Nf3 d6 3. d4 cxd4 4. Nxd4 Nf6 5. Nc3 a6 6. Bg5 e6 7. f4 Be7 8. Qf3
Qc7 9. O-O-O Nbd7 10. g4 b5 11. Bxf6 Nxf6 12. g5 Nd7 13. f5 Bxg5+ 14. Kb1 Ne5
15. Qh5 Qd8 16. h4 Bf6 17. fxe6 O-O 18. Bh3 fxe6 19. Bxe6+ Kh8 20. Nd5 Nc4 21.
Nc6 Qe8 22. Qxe8 Rxe8 23. Nxf6 gxf6 24. Bxc4 bxc4 25. Rxd6 Bb7 26. Re1 a5 27.
Kc1 f5 28. e5 f4 29. Rf1 Rf8 30. e6 Rf6 31. Nd8 1-0

[Event "BL 0506 SK Zehlendorf - Solinger SG"]
[Site "?"]
[Date "2006.03.11"]
[Round "12.4"]
[White "Janz, Frerik"]
[Black "Naumann, Alexander"]
[Result "0-1"]
[WhiteElo "2355"]
[BlackElo "2534"]
[PlyCount "92"]
[EventDate "2006.??.??"]

1. d4 Nf6 2. c4 e6 3. Nf3 d5 4. g3 dxc4 5. Qa4+ c6 6. Qxc4 b5 7. Qb3 Bb7 8. Bg2
Nbd7 9. Ne5 Nxe5 10. dxe5 Nd7 11. f4 Qb6 12. Nd2 c5 13. Bxb7 Qxb7 14. O-O c4
15. Qf3 Qxf3 16. Rxf3 Rc8 17. a3 a5 18. Rc3 Nb6 19. Rc2 Bc5+ 20. Kf1 Nd5 21.
Ne4 Be7 22. Bd2 a4 23. Nc3 Nxc3 24. Bxc3 Kd7 25. Rd1+ Kc6 26. Rcd2 Rhd8 27.
Rxd8 Rxd8 28. Rxd8 Bxd8 29. e4 Be7 30. Ke2 b4 31. axb4 Kb5 32. Kd1 Bxb4 33. Kc2
Bc5 34. g4 g6 35. Kb1 a3 36. bxa3 Bxa3 37. Kc2 Bb4 38. Bb2 Bc5 39. Bc1 Bg1 40.
h3 Kc5 41. Bb2 Be3 42. f5 Bd4 43. Ba3+ Kc6 44. Bd6 exf5 45. gxf5 gxf5 46. exf5
Kd5 0-1

[Event "BL 0506 SK Zehlendorf - Solinger SG"]
[Site "?"]
[Date "2006.03.11"]
[Round "12.5"]
[White "Hoffmann, Michael"]
[Black "Heinig, Wolfram Dr"]
[Result "1-0"]
[WhiteElo "2443"]
[BlackElo "2338"]
[PlyCount "87"]
[EventDate "2006.??.??"]

1. d4 Nf6 2. c4 d6 3. Nc3 Nbd7 4. e4 e5 5. Nge2 c6 6. g3 g6 7. Bg2 Bg7 8. O-O
O-O 9. h3 a6 10. a4 a5 11. Be3 Qe7 12. b3 exd4 13. Bxd4 Nc5 14. g4 Re8 15. Ng3
Ne6 16. Be3 Nxg4 17. hxg4 Bxc3 18. Rc1 Bg7 19. Rc2 Qh4 20. Qxd6 Qxg4 21. Rd2
Ng5 22. f3 Qh4 23. Qf4 Qxf4 24. Bxf4 h6 25. Be3 Ne6 26. Rfd1 h5 27. f4 Bh6 28.
Ne2 Ng7 29. Kf2 Bg4 30. Bf3 Bh3 31. Nc3 Ne6 32. Kg3 Bg4 33. Bxg4 hxg4 34. Kxg4
Bf8 35. Rd7 Bb4 36. Ne2 Nf8 37. Rxb7 Rxe4 38. Kf3 Rae8 39. Rd3 Be1 40. Nd4 c5
41. Nc6 R4e6 42. Ne5 Rxe5 43. fxe5 Rxe5 44. Rd5 1-0

[Event "BL 0506 SK Zehlendorf - Solinger SG"]
[Site "?"]
[Date "2006.03.11"]
[Round "12.6"]
[White "Rahls, Peter"]
[Black "Ernst, Sipke"]
[Result "0-1"]
[WhiteElo "2334"]
[BlackElo "2473"]
[PlyCount "78"]
[EventDate "2006.??.??"]

1. e4 e5 2. Nc3 Nf6 3. g3 d5 4. exd5 Nxd5 5. Bg2 Nxc3 6. bxc3 Bd6 7. Nf3 O-O 8.
O-O Nc6 9. d3 h6 10. Nd2 Re8 11. Nc4 Be6 12. Nxd6 cxd6 13. f4 Qd7 14. Bd2 Rac8
15. Qf3 Bg4 16. Qd5 Be6 17. Qf3 exf4 18. Qxf4 Ne5 19. Rae1 Bh3 20. Bxh3 Qxh3
21. Re4 Qd7 22. Rfe1 Re6 23. Qe3 Rce8 24. Qe2 d5 25. Re3 Qa4 26. Qd1 Qxa2 27.
c4 dxc4 28. d4 Ng6 29. d5 Rxe3 30. Rxe3 Qa4 31. d6 Rd8 32. Bc3 Qc6 33. Qd4 f6
34. Bb4 a5 35. Ba3 Ne5 36. Kf2 b5 37. Rxe5 fxe5 38. Qxe5 Rf8+ 39. Kg1 Qf3 0-1

[Event "BL 0506 SK Zehlendorf - Solinger SG"]
[Site "?"]
[Date "2006.03.11"]
[Round "12.7"]
[White "Zysk, Robert"]
[Black "Lieb, Harald"]
[Result "1-0"]
[WhiteElo "2460"]
[BlackElo "2236"]
[PlyCount "93"]
[EventDate "2006.??.??"]

1. Nf3 f5 2. d3 Nf6 3. e4 d6 4. exf5 Bxf5 5. d4 Nc6 6. Nc3 e5 7. Bb5 exd4 8.
Nxd4 Bd7 9. O-O Nxd4 10. Qxd4 Be7 11. Re1 O-O 12. Nd5 Nxd5 13. Qxd5+ Kh8 14.
Bxd7 Qxd7 15. Qxb7 Bf6 16. c3 a5 17. a4 Rfb8 18. Qf3 d5 19. Re2 Re8 20. Be3 Re4
21. Rd2 Rae8 22. h3 c5 23. Rdd1 d4 24. cxd4 cxd4 25. Bd2 d3 26. Bxa5 Rxa4 27.
Rxa4 Qxa4 28. Bc3 Bxc3 29. bxc3 h6 30. Rxd3 Qa3 31. Kh2 Rf8 32. Qe2 Qc5 33. Re3
Qc7+ 34. g3 Qc6 35. h4 Qf6 36. Kg1 Qc6 37. Qf1 Rc8 38. Qg2 Qf6 39. Qf3 Qg6 40.
Kg2 Qa6 41. Qd5 Kh7 42. Re6 Qa4 43. Rxh6+ Kxh6 44. Qg5+ Kh7 45. Qf5+ Kh6 46.
Qxc8 Qe4+ 47. Kh2 1-0

[Event "BL 0506 SC Eppingen - SF Katernberg"]
[Site "?"]
[Date "2006.03.11"]
[Round "12.1"]
[White "Volokitin, Andrei"]
[Black "Acs, Peter"]
[Result "1-0"]
[WhiteElo "2666"]
[BlackElo "2518"]
[PlyCount "129"]
[EventDate "2006.??.??"]

1. e4 e5 2. Nf3 Nc6 3. Bb5 a6 4. Ba4 Nf6 5. O-O Nxe4 6. d4 b5 7. Bb3 d5 8. dxe5
Be6 9. Nbd2 Nc5 10. c3 d4 11. Bxe6 Nxe6 12. cxd4 Ncxd4 13. a4 Bb4 14. axb5 Nxb5
15. Qb3 Bxd2 16. Rxa6 Rxa6 17. Qxb5+ Qd7 18. Qxa6 Bxc1 19. Rxc1 O-O 20. Qb7 Rd8
21. g3 h6 22. Kg2 Qd3 23. Ra1 Rd5 24. Qb4 Kh7 25. Ra3 Qb5 26. Qe4+ g6 27. Qc2
Qb4 28. Re3 Kg7 29. h4 Rc5 30. Rc3 Rxc3 31. Qxc3 Qe4 32. Kg1 c5 33. Nd2 Qd5 34.
Qe3 Nd4 35. Qe4 Qa2 36. Qb7 Qe6 37. Qe4 Qb6 38. Nc4 Qb4 39. Qd5 Qe1+ 40. Kg2
Ne2 41. Qxc5 Qg1+ 42. Kf3 Nc1 43. Qd6 Qh1+ 44. Kf4 Qf1 45. Qf6+ Kg8 46. Nd6
Qxf2+ 47. Ke4 Qc2+ 48. Kd5 Qb3+ 49. Kc6 Nd3 50. Qd8+ Kh7 51. Qe7 Qa4+ 52. Kb7
Qb3+ 53. Kc8 Kg8 54. Qd8+ Kh7 55. Nxf7 Qc4+ 56. Qc7 Qa6+ 57. Kd8 Qa8+ 58. Qc8
Qxc8+ 59. Kxc8 Kg7 60. e6 Kf6 61. Kd7 Nc5+ 62. Kd6 Nxe6 63. Nxh6 Nd4 64. b4 g5
65. h5 1-0

[Event "BL 0506 SC Eppingen - SF Katernberg"]
[Site "?"]
[Date "2006.03.11"]
[Round "12.2"]
[White "Braun, Arik"]
[Black "Chuchelov, Vladimir"]
[Result "1-0"]
[WhiteElo "2465"]
[BlackElo "2534"]
[PlyCount "80"]
[EventDate "2006.??.??"]

1. d4 Nf6 2. c4 e6 3. Nc3 Bb4 4. e3 O-O 5. Bd3 d5 6. Nf3 b6 7. O-O Bb7 8. cxd5
exd5 9. Qc2 c5 10. dxc5 bxc5 11. a3 Bxc3 12. bxc3 Nbd7 13. a4 Re8 14. Bb2 Rb8
15. Ra2 Qb6 16. a5 Qd6 17. Rd1 d4 18. cxd4 Bxf3 19. gxf3 Qd5 20. Ra4 Qxf3 21.
Be2 Qc6 22. d5 Nxd5 23. Rg4 Ne5 24. Rg5 Nb4 25. Qf5 f6 26. Rg3 c4 27. Bxe5 Rxe5
28. Qd7 g6 29. Qxa7 Ra8 30. Bxc4+ Kh8 31. Qf7 Rexa5 32. Be6 Qc3 33. Rd7 Qc1+
34. Kg2 Qc6+ 35. Bd5 Qxd7 36. Qxd7 Nxd5 37. Qf7 Rg8 38. Rg4 Rg7 39. Qe6 Re7 40.
Qd6 Re5 1-0

[Event "BL 0506 SC Eppingen - SF Katernberg"]
[Site "?"]
[Date "2006.03.11"]
[Round "12.3"]
[White "Smagin, Sergey"]
[Black "Medvegy, Zoltan"]
[Result "1-0"]
[WhiteElo "2565"]
[BlackElo "2478"]
[PlyCount "159"]
[EventDate "2006.??.??"]

1. e4 c6 2. d3 g6 3. Nf3 Bg7 4. c3 d5 5. Nbd2 dxe4 6. dxe4 Nf6 7. Bc4 O-O 8.
O-O Nbd7 9. e5 Nd5 10. Re1 N7b6 11. Bf1 Qc7 12. Qe2 c5 13. h3 Bf5 14. Ne4 h6
15. c4 Nb4 16. a3 Nc6 17. Nxc5 Nxe5 18. Nxe5 Qxc5 19. g4 Nd7 20. Nf3 Be6 21.
Be3 Qc8 22. Nd4 Nb8 23. Nxe6 Qxe6 24. Qd2 Nc6 25. Bxh6 Bxh6 26. Qxh6 Qf6 27.
Bg2 Rfd8 28. b4 Ne5 29. Qe3 Nd3 30. Red1 Rab8 31. c5 Nf4 32. Rab1 b6 33. Bf1
bxc5 34. Qxc5 Rxd1 35. Rxd1 Rb6 36. Qd4 Qg5 37. Qd8+ Kg7 38. Qd4+ Kg8 39. Qe3
e5 40. Qd2 Rf6 41. Qd8+ Kg7 42. Rd6 Ne6 43. Rxe6 fxe6 44. Qe7+ Kg8 45. Qxa7 Qd2
46. Qc5 Qd4 47. a4 Rf3 48. Qc2 e4 49. b5 e3 50. Qxg6+ Kf8 51. Qh6+ Ke7 52. fxe3
Rxe3 53. Qh4+ Kd7 54. Qf2 e5 55. a5 Rg3+ 56. Bg2 Ra3 57. Bc6+ Kd6 58. Qxd4+
exd4 59. a6 d3 60. Kf2 Kc5 61. Ke3 Kc4 62. g5 Kc3 63. Bf3 d2 64. Bd1 Ra1 65.
Ke2 Ra5 66. g6 Rxb5 67. a7 Re5+ 68. Kf3 Re8 69. Kf4 Kd4 70. Kf5 Rf8+ 71. Ke6
Re8+ 72. Kf6 Rf8+ 73. Kg5 Ke5 74. g7 Rf1 75. a8=Q Rxd1 76. Qe8+ Kd4 77. Qd7+
Ke3 78. Qe6+ Kf2 79. Qe4 Kg1 80. g8=Q 1-0

[Event "BL 0506 SC Eppingen - SF Katernberg"]
[Site "?"]
[Date "2006.03.11"]
[Round "12.4"]
[White "Mann, Christian"]
[Black "L'Ami, Erwin"]
[Result "0-1"]
[WhiteElo "2464"]
[BlackElo "2541"]
[PlyCount "96"]
[EventDate "2006.??.??"]

1. g3 d5 2. Bg2 c6 3. d3 g6 4. Nf3 Bg7 5. O-O e5 6. Nbd2 Ne7 7. e4 O-O 8. b3 f5
9. Bb2 fxe4 10. dxe4 d4 11. c3 c5 12. b4 cxb4 13. cxd4 exd4 14. Qb3+ Kh8 15.
Ng5 Qe8 16. Nc4 Qd8 17. Rad1 Nbc6 18. Ne3 Na5 19. Qxb4 Nec6 20. Qb5 Qe7 21. Nc2
a6 22. Qd5 h6 23. Ba3 Qxg5 24. Bxf8 Bxf8 25. Qxg5 hxg5 26. Nxd4 Nxd4 27. Rxd4
Be6 28. Ra4 Nc4 29. e5 a5 30. Bxb7 Rd8 31. Ba6 Bb4 32. Rb1 Nd2 33. Raxb4 axb4
34. Rxb4 g4 35. Bb7 Nf3+ 36. Kg2 Rd3 37. a4 Ra3 38. Rf4 Kg7 39. Rb4 Nxe5 40.
Be4 Bd7 41. Rb7 Kf6 42. Rb6+ Kg5 43. Rb4 Ra1 44. Rd4 Bf5 45. Bb7 Bd3 46. h4+
Kh6 47. Be4 Bf1+ 48. Kh2 Be2 0-1

[Event "BL 0506 SC Eppingen - SF Katernberg"]
[Site "?"]
[Date "2006.03.11"]
[Round "12.5"]
[White "Senff, Martin"]
[Black "Rau, Hannes"]
[Result "1/2-1/2"]
[WhiteElo "2469"]
[BlackElo "2421"]
[PlyCount "71"]
[EventDate "2006.??.??"]

1. e4 c5 2. Nf3 Nc6 3. d4 cxd4 4. Nxd4 Nf6 5. Nc3 d6 6. f3 e5 7. Nb3 Be7 8. Be3
O-O 9. Qd2 a5 10. Bb5 Na7 11. Bd3 Be6 12. Rd1 Nc8 13. a4 Nb6 14. Qf2 Nfd7 15.
O-O Nc4 16. Bxc4 Bxc4 17. Rfe1 Qb8 18. Nd5 Bd8 19. Nc1 b5 20. b3 Bxd5 21. Rxd5
bxa4 22. bxa4 Qb4 23. Nd3 Qxa4 24. Rxd6 Be7 25. Rd5 Rfc8 26. c4 f6 27. c5 Nf8
28. Qb2 Rab8 29. Ra1 Rxb2 30. Rxa4 Rb5 31. Kf2 Rc6 32. Bd2 Ne6 33. Rxa5 Rxa5
34. Bxa5 Nxc5 35. Nxc5 Rxc5 36. Rxc5 1/2-1/2

[Event "BL 0506 SC Eppingen - SF Katernberg"]
[Site "?"]
[Date "2006.03.11"]
[Round "12.6"]
[White "Miltner, Arndt"]
[Black "Thesing, Matthias"]
[Result "0-1"]
[WhiteElo "2400"]
[BlackElo "2413"]
[PlyCount "72"]
[EventDate "2006.??.??"]

1. Nf3 d5 2. e3 Nf6 3. c4 e6 4. b3 Bd6 5. Bb2 O-O 6. d4 b6 7. Bd3 Bb7 8. O-O
Ne4 9. Nc3 f5 10. Rc1 a6 11. Ne5 Nd7 12. f4 Ndf6 13. Qe2 Qe7 14. Rc2 Kh8 15.
Rfc1 Nxc3 16. Bxc3 c5 17. dxc5 Bxc5 18. b4 Bxb4 19. Bxb4 Qxb4 20. Rb2 Qc5 21.
Rcb1 dxc4 22. Rxb6 cxd3 23. Nxd3 Qc4 24. Rxb7 Rfd8 25. R7b3 Rac8 26. h3 Ne4 27.
Rc1 Qxc1+ 28. Nxc1 Rxc1+ 29. Kh2 Rh1+ 30. Kxh1 Ng3+ 31. Kg1 Nxe2+ 32. Kf2 Nc1
33. Rb6 Nd3+ 34. Kf3 Nc5 35. Rc6 Ne4 36. Rxe6 g6 0-1

[Event "BL 0506 SC Eppingen - SF Katernberg"]
[Site "?"]
[Date "2006.03.11"]
[Round "12.7"]
[White "Scholz, Christian"]
[Black "Schulze, Ulrich"]
[Result "1-0"]
[WhiteElo "2390"]
[BlackElo "2322"]
[PlyCount "77"]
[EventDate "2006.??.??"]

1. d4 Nf6 2. c4 g6 3. Nc3 d5 4. Bf4 Bg7 5. Rc1 O-O 6. e3 c5 7. dxc5 Qa5 8. cxd5
Ne4 9. Nge2 Rd8 10. Qa4 Qxa4 11. Nxa4 Rxd5 12. f3 Nf6 13. Nec3 Rd8 14. Bc4 Nc6
15. O-O Nb4 16. a3 Nd3 17. Bxd3 Rxd3 18. Rfd1 Rxd1+ 19. Rxd1 Be6 20. Be5 Bh6
21. Kf2 Nd7 22. Bf4 Bxf4 23. exf4 Rc8 24. b4 Kf8 25. Nd5 Ke8 26. Ke3 f6 27. Rd3
b6 28. cxb6 Bxd5 29. Rxd5 Nxb6 30. Nxb6 axb6 31. h4 Rc3+ 32. Rd3 Rc2 33. g4 Rh2
34. Kd4 Kd7 35. Kc4+ Kc6 36. b5+ Kc7 37. Kd5 Rxh4 38. Rc3+ Kb7 39. Re3 1-0

[Event "BL 0506 SC Eppingen - SF Katernberg"]
[Site "?"]
[Date "2006.03.11"]
[Round "12.8"]
[White "Meinhardt, Maximillian"]
[Black "Rosen, Bernd"]
[Result "0-1"]
[WhiteElo "2372"]
[BlackElo "2310"]
[PlyCount "97"]
[EventDate "2006.??.??"]

1. e4 e6 2. d4 d5 3. e5 c5 4. c3 Qb6 5. Nf3 Nc6 6. a3 Nh6 7. b4 cxd4 8. cxd4
Nf5 9. Be3 Bd7 10. Bd3 Nxe3 11. fxe3 Be7 12. O-O Rc8 13. Ra2 Nb8 14. b5 a6 15.
a4 Qa5 16. Qe2 O-O 17. h4 f6 18. exf6 Bxf6 19. e4 Qb4 20. Qf2 dxe4 21. Bxe4
axb5 22. Rb2 Qxa4 23. Bc2 Qa7 24. Qe3 Nc6 25. Rd1 Nxd4 26. Nxd4 Rc4 27. Nf5
Qxe3+ 28. Nxe3 Rxh4 29. Rb3 Bc6 30. Rbd3 Be5 31. Rf1 Bh2+ 32. Kh1 Bf4+ 33. Kg1
Bh2+ 34. Kh1 Bf4+ 35. Kg1 Be4 36. Rxf4 Rhxf4 37. Rd2 Bxc2 38. Rxc2 Re4 39. Rc3
b4 40. Rb3 Rd4 41. Rb2 Rd3 42. Nc4 Rd1+ 43. Kh2 b5 44. Na5 Rff1 45. Nd2 Rf2 46.
Nab3 Re1 47. Nd4 e5 48. N4f3 Ree2 49. Rc2 0-1

[Event "BL 0506 TV Tegernsee - SV Mülheim Nord"]
[Site "?"]
[Date "2006.03.11"]
[Round "12.1"]
[White "Landa, Konstantin"]
[Black "Khenkin, Igor"]
[Result "1/2-1/2"]
[WhiteElo "2600"]
[BlackElo "2603"]
[PlyCount "55"]
[EventDate "2006.??.??"]

1. e4 e5 2. Nf3 Nf6 3. Nxe5 d6 4. Nf3 Nxe4 5. d4 d5 6. Bd3 Nc6 7. O-O Be7 8. c4
Nb4 9. Be2 O-O 10. a3 Nc6 11. cxd5 Qxd5 12. Nc3 Nxc3 13. bxc3 Bf5 14. Re1 Rfe8
15. Bf4 Rac8 16. Bd3 Qd7 17. Rb1 Bxd3 18. Qxd3 b6 19. d5 Bf6 20. c4 h6 21. h3
Ne7 22. Ne5 Bxe5 23. Bxe5 Nf5 24. Bb2 f6 25. Bc3 Nd6 26. Bd2 Qf5 27. Qxf5 Nxf5
28. Bf4 1/2-1/2

[Event "BL 0506 TV Tegernsee - SV Mülheim Nord"]
[Site "?"]
[Date "2006.03.11"]
[Round "12.2"]
[White "Sokolov, Andrei"]
[Black "Fridman, Daniel"]
[Result "1/2-1/2"]
[WhiteElo "2623"]
[BlackElo "2564"]
[PlyCount "112"]
[EventDate "2006.??.??"]

1. e4 e5 2. Nf3 Nf6 3. Nxe5 d6 4. Nf3 Nxe4 5. d4 d5 6. Bd3 Nc6 7. O-O Be7 8.
Nc3 Nxc3 9. bxc3 Bg4 10. h3 Bh5 11. Rb1 Rb8 12. Be3 O-O 13. c4 Bg6 14. cxd5
Bxd3 15. Qxd3 Nb4 16. Qb3 Nxd5 17. Bd2 Bf6 18. c4 Ne7 19. d5 b5 20. cxb5 a6 21.
d6 Qxd6 22. Bb4 c5 23. bxc6 Qxc6 24. Rfc1 Qa8 25. Qa3 Rfe8 26. Bd6 Rxb1 27.
Rxb1 Nd5 28. Rc1 h6 29. Qc5 Qb7 30. Qc4 Qb5 31. Qxb5 axb5 32. Rb1 Nc3 33. Rb3
Re2 34. Be5 Bxe5 35. Nxe5 Re1+ 36. Kh2 Rxe5 37. Rxc3 Re2 38. Rb3 Rxa2 39. Rxb5
Rxf2 40. h4 g6 41. Kh3 h5 42. Kg3 Rf1 43. Ra5 Kg7 44. Ra6 Rf6 45. Ra3 Rb6 46.
Kf3 Kf6 47. g3 Rb5 48. Rc3 Ke5 49. Re3+ Kf5 50. Ra3 f6 51. Rc3 g5 52. hxg5 fxg5
53. g4+ hxg4+ 54. Kg3 Rb4 55. Rc5+ Kg6 56. Rc8 Ra4 1/2-1/2

[Event "BL 0506 TV Tegernsee - SV Mülheim Nord"]
[Site "?"]
[Date "2006.03.11"]
[Round "12.3"]
[White "Levin, Felix"]
[Black "Ribli, Zoltan"]
[Result "1/2-1/2"]
[WhiteElo "2506"]
[BlackElo "2585"]
[PlyCount "30"]
[EventDate "2006.??.??"]

1. d4 Nf6 2. c4 e6 3. Nf3 d5 4. Bg5 Bb4+ 5. Nc3 dxc4 6. e4 c5 7. e5 cxd4 8.
Nxd4 Qa5 9. exf6 Bxc3+ 10. bxc3 Qxg5 11. fxg7 Qxg7 12. Qd2 O-O 13. Bxc4 Rd8 14.
Qe3 Bd7 15. O-O Nc6 1/2-1/2

[Event "BL 0506 TV Tegernsee - SV Mülheim Nord"]
[Site "?"]
[Date "2006.03.11"]
[Round "12.4"]
[White "Bischoff, Klaus"]
[Black "Schebler, Gerhard"]
[Result "1-0"]
[WhiteElo "2555"]
[BlackElo "2474"]
[PlyCount "58"]
[EventDate "2006.??.??"]

1. d4 d6 2. e4 Nf6 3. f3 e5 4. d5 Be7 5. c4 c6 6. Nc3 O-O 7. Be3 a5 8. Nge2 Ne8
9. Qd2 a4 10. Nc1 Qa5 11. Be2 Bd7 12. O-O Bd8 13. b4 Qxb4 14. Rb1 Qa5 15. Rxb7
Bc8 16. Rb1 c5 17. Nd3 Nd7 18. Ne1 Nb6 19. Nc2 Qa7 20. Na3 Qe7 21. Qc2 Ra6 22.
Rb2 g6 23. Bd3 Ng7 24. Nab5 Nh5 25. Qc1 Kh8 26. g4 Ng7 27. Rg2 Bd7 28. Qa3 Bxb5
29. Nxb5 Qd7 1-0

[Event "BL 0506 TV Tegernsee - SV Mülheim Nord"]
[Site "?"]
[Date "2006.03.11"]
[Round "12.5"]
[White "Saltaev, Mihail"]
[Black "Boensch, Uwe"]
[Result "1-0"]
[WhiteElo "2498"]
[BlackElo "2547"]
[PlyCount "79"]
[EventDate "2006.??.??"]

1. e4 c5 2. Nf3 d6 3. d4 cxd4 4. Nxd4 Nf6 5. Nc3 e6 6. Bc4 a6 7. a4 Nxe4 8.
Nxe4 d5 9. Bg5 Be7 10. Qg4 dxe4 11. Bxe7 Qxe7 12. Qxg7 Qf8 13. Qxf8+ Kxf8 14.
O-O-O Nd7 15. f3 Ne5 16. Be2 exf3 17. Nxf3 Nxf3 18. Bxf3 Ke7 19. Rd4 Ra7 20. a5
Bd7 21. Rhd1 Bb5 22. b3 Rg8 23. R1d2 Rg5 24. b4 Bc6 25. Rc4 Bxf3 26. Rc7+ Kf8
27. gxf3 Rb5 28. Rdd7 Rf5 29. Rxb7 Ra8 30. Rd3 Kg7 31. c4 Kf6 32. c5 Rf4 33.
Kb2 Rg8 34. c6 Ke5 35. Kb3 Rc8 36. c7 Rd4 37. Rxd4 Kxd4 38. b5 axb5 39. a6 Kc5
40. a7 1-0

[Event "BL 0506 TV Tegernsee - SV Mülheim Nord"]
[Site "?"]
[Date "2006.03.11"]
[Round "12.6"]
[White "Hertneck, Gerald"]
[Black "Hausrath, Daniel"]
[Result "1/2-1/2"]
[WhiteElo "2539"]
[BlackElo "2463"]
[PlyCount "45"]
[EventDate "2006.??.??"]

1. d4 Nf6 2. c4 g6 3. Nc3 Bg7 4. e4 d6 5. Be2 O-O 6. Nf3 c5 7. O-O cxd4 8. Nxd4
Nc6 9. Be3 Bd7 10. Qd2 Nxd4 11. Bxd4 Bc6 12. f3 Nd7 13. Be3 a5 14. b3 Nc5 15.
Rab1 Qb6 16. Nb5 Rfc8 17. Rfc1 Qd8 18. Nd4 Bd7 19. Bf1 h5 20. Nc2 Kh7 21. Bd4
Bh6 22. Be3 Bg7 23. Bd4 1/2-1/2

[Event "BL 0506 TV Tegernsee - SV Mülheim Nord"]
[Site "?"]
[Date "2006.03.11"]
[Round "12.7"]
[White "Wegener, Olaf"]
[Black "Teske, Henrik"]
[Result "0-1"]
[WhiteElo "2404"]
[BlackElo "2487"]
[PlyCount "94"]
[EventDate "2006.??.??"]

1. e4 e5 2. Nf3 Nf6 3. Nxe5 d6 4. Nf3 Nxe4 5. d4 d5 6. Bd3 Be7 7. O-O Nc6 8.
Nc3 Nxc3 9. bxc3 Bg4 10. Rb1 Rb8 11. h3 Bh5 12. Re1 O-O 13. Bf4 h6 14. Bg3 Bd6
15. Rb5 Ne7 16. Rb3 c6 17. Re3 Re8 18. Bxd6 Qxd6 19. Qc1 Bxf3 20. Rxf3 Ng6 21.
Re3 b5 22. Qa3 Qc7 23. Qc1 Nf4 24. Bf1 Ne6 25. Rb1 Re7 26. Qa3 a5 27. Rbe1 Rbe8
28. Bd3 g6 29. g3 Kg7 30. Kg2 a4 31. Qb4 Qd7 32. h4 h5 33. Kg1 f5 34. f4 Kf6
35. Kf2 Nd8 36. Qc5 Rxe3 37. Rxe3 Rxe3 38. Kxe3 Qe7+ 39. Qxe7+ Kxe7 40. a3 Nf7
41. Bf1 Nd6 42. Kd2 Ne4+ 43. Kd3 Nxg3 44. Bg2 Kd6 45. Bh3 c5 46. dxc5+ Kxc5 47.
Bg2 Ne4 0-1

[Event "BL 0506 TV Tegernsee - SV Mülheim Nord"]
[Site "?"]
[Date "2006.03.11"]
[Round "12.8"]
[White "Bromberger, Stefan"]
[Black "Kern, Guido"]
[Result "1/2-1/2"]
[WhiteElo "2478"]
[BlackElo "2340"]
[PlyCount "68"]
[EventDate "2006.??.??"]

1. e4 e6 2. d4 d5 3. Nc3 Nf6 4. Bg5 dxe4 5. Nxe4 Nbd7 6. Nf3 h6 7. Nxf6+ Nxf6
8. Bh4 Be7 9. Bc4 a6 10. O-O c5 11. Qe2 b5 12. Bd3 g5 13. Bg3 c4 14. Be4 Nxe4
15. Qxe4 Qd5 16. Qxd5 exd5 17. a4 bxa4 18. Rxa4 f6 19. Rfa1 Kf7 20. Nd2 Bd8 21.
Nf1 Bb6 22. c3 a5 23. Ne3 Bb7 24. Nf5 Kg6 25. Ne7+ Kf7 26. Nf5 Kg6 27. Nd6 Bc6
28. R4a2 a4 29. Re1 Bc7 30. Re6 Bxd6 31. Rxd6 Rac8 32. Ra1 Rhd8 33. Re1 Rxd6
34. Bxd6 Rh8 1/2-1/2

[Event "BL 0506 Godesberger SK - Hamburger SK"]
[Site "?"]
[Date "2006.03.11"]
[Round "12.1"]
[White "Ftacnik, Lubomir"]
[Black "Kasimdzhanov, Rustam"]
[Result "0-1"]
[WhiteElo "2612"]
[BlackElo "2670"]
[PlyCount "100"]
[EventDate "2006.??.??"]

1. Nf3 Nf6 2. c4 g6 3. Nc3 Bg7 4. e4 d6 5. d4 O-O 6. Be2 Na6 7. O-O e5 8. Be3
c6 9. d5 Ng4 10. Bg5 f6 11. Bd2 c5 12. h3 Nh6 13. Qc1 Nf7 14. Ne1 f5 15. exf5
gxf5 16. f4 Bd7 17. g3 exf4 18. gxf4 Nh8 19. Nf3 Ng6 20. Kh2 Qf6 21. Rf2 Rae8
22. Qc2 Re7 23. Rg1 Rfe8 24. a3 Nc7 25. Bd3 a6 26. a4 a5 27. Ne2 Na6 28. Bc3
Qf8 29. Bxa5 Re3 30. Ng3 b6 31. Bd2 Nb4 32. Bxb4 cxb4 33. Bxf5 b3 34. Qb1 Bxf5
35. Nxf5 Re2 36. Rgg2 Rxf2 37. Rxf2 Nxf4 38. Ng5 Be5 39. Kh1 Qf6 40. Rf1 Rf8
41. Ne3 Qh6 42. Qd1 Nxh3 43. Rxf8+ Kxf8 44. Ne6+ Qxe6 45. Qf3+ Qf7 46. Qxh3
Bxb2 47. Nf5 Be5 48. Qh6+ Ke8 49. Nxd6+ Bxd6 50. Qxd6 Qh5+ 0-1

[Event "BL 0506 Godesberger SK - Hamburger SK"]
[Site "?"]
[Date "2006.03.11"]
[Round "12.2"]
[White "Jenni, Florian"]
[Black "Kempinski, Robert"]
[Result "0-1"]
[WhiteElo "2502"]
[BlackElo "2619"]
[PlyCount "86"]
[EventDate "2006.??.??"]

1. e4 c5 2. Nf3 d6 3. d4 cxd4 4. Nxd4 Nf6 5. Nc3 a6 6. Be3 e5 7. Nb3 Be6 8. Qd2
Be7 9. f3 O-O 10. O-O-O Nbd7 11. g4 Qc7 12. Kb1 b5 13. g5 Nh5 14. Rg1 g6 15. h4
Nb6 16. Nd5 Bxd5 17. exd5 Rab8 18. Bxb6 Qxb6 19. Bh3 Bd8 20. Nc1 Nf4 21. Bd7
Qa7 22. Bc6 Bb6 23. Rh1 Be3 24. Qb4 Bxc1 25. Rxc1 Rfd8 26. Qe4 b4 27. Rh2 a5
28. Re1 a4 29. b3 a3 30. Qe3 Qa5 31. Rd1 Rf8 32. Rhd2 f6 33. Rh1 Rf7 34. gxf6
Rxf6 35. h5 gxh5 36. Bd7 Kh8 37. Be6 Rg6 38. Rc1 h4 39. c4 bxc3 40. Rxc3 Rg1+
41. Qxg1 Qxc3 42. Qg5 Rf8 43. Rc2 Qxf3 0-1